000 00363nam a22001457a 4500
005 20170726145255.0
008 170726b xxu||||| |||| 00| 0 eng d
022 _a05788072
040 _cPK-LaUMT
082 _aZIAC 297.05
_bISL-
245 _aIslamic studies(Vol 50 No. 2)/
260 _aIslamabad:
_bIslamic institute,
_c2011
300 _a286 p.
942 _cBK
999 _c95734
_d95734